|
|
|
|
| LEADER |
01837nam a2200505 i 4500 |
| 001 |
nkc20142638120 |
| 003 |
CZ PrNK |
| 005 |
20151007132131.0 |
| 007 |
ta |
| 008 |
141112s2014 xr ach e 000 0acze |
| 015 |
|
|
|a cnb002638120
|
| 020 |
|
|
|a 978-80-905132-2-8
|q (brožováno)
|
| 035 |
|
|
|a (OCoLC)928737375
|
| 040 |
|
|
|a BOA001
|b cze
|d ABA001
|e rda
|
| 043 |
|
|
|a e-xr---
|
| 045 |
|
|
|a x2y1
|
| 072 |
|
7 |
|a 616
|x Patologie. Klinická medicína
|2 Konspekt
|9 14
|
| 072 |
|
7 |
|a 929
|x Biografie
|2 Konspekt
|9 8
|
| 080 |
|
|
|a 616.1/.6-051
|2 MRF
|
| 080 |
|
|
|a 616.43/.47-051
|2 MRF
|
| 080 |
|
|
|a 929
|2 MRF
|
| 080 |
|
|
|a (437.3)
|2 MRF
|
| 080 |
|
|
|a (0:82-94)
|2 MRF
|
| 100 |
1 |
|
|a Doleček, Rajko,
|d 1925-2017
|7 jk01022565
|4 aut
|
| 245 |
1 |
0 |
|a Inventura v 89 letech - ve stínu Balkánu /
|c Rajko Doleček
|
| 250 |
|
|
|a Vydání první
|
| 264 |
|
1 |
|a [Opava] :
|b Dědictví národů, o.s.,
|c 2014
|
| 300 |
|
|
|a 337 stran :
|b ilustrace (převážně barevné), portréty, faksimile ;
|c 22 cm
|
| 336 |
|
|
|a text
|b txt
|2 rdacontent
|
| 337 |
|
|
|a bez média
|b n
|2 rdamedia
|
| 338 |
|
|
|a svazek
|b nc
|2 rdacarrier
|
| 600 |
1 |
7 |
|a Doleček, Rajko,
|d 1925-2017
|7 jk01022565
|2 czenas
|
| 648 |
|
7 |
|a 20.-21. století
|7 ch462155
|2 czenas
|
| 648 |
|
4 |
|a 1925-2014
|
| 650 |
0 |
7 |
|a internisté
|7 ph305431
|z Česko
|y 20.-21. století
|2 czenas
|
| 650 |
0 |
7 |
|a endokrinologové
|7 ph183321
|z Česko
|y 20.-21. století
|2 czenas
|
| 650 |
0 |
9 |
|a internists
|z Czechia
|y 20th-21st centuries
|2 eczenas
|
| 650 |
0 |
9 |
|a endocrinologists
|z Czechia
|y 20th-21st centuries
|2 eczenas
|
| 655 |
|
7 |
|a autobiografické vzpomínky
|7 fd131854
|2 czenas
|
| 655 |
|
9 |
|a autobiographical reminiscences
|2 eczenas
|
| 910 |
2 |
|
|a BOA001
|b 2-1337.088
|
| 990 |
|
|
|a BK
|
| 995 |
|
|
|a 01
|
| 991 |
|
|
|b 201412
|c NOV
|e n
|
| 996 |
6 |
|
|b 2610612648
|c 2-1337.088
|l MZK
|r Sklad / do 1 hodiny
|n 3
|p p.v.
|w 001473043
|u 000010
|a 1
|e BOA001
|j MZK50
|s P
|